30 estaciones con más viajeros de cercanías Renfe - Estadísticas

Estadísticas generales
  • Esta prueba ha sido intentada 181 veces
  • La puntuación promedio es 12 de 30
Estadísticas de respuestas
Puesto Provincia Respuesta % Correcto
1 Madrid Atocha
97%
4 Madrid Chamartín
89%
3 Barcelona Sants
76%
2 Madrid Nuevos Ministerios
68%
5 Madrid Sol
68%
16 Madrid Móstoles
53%
15 Madrid Príncipe Pío
49%
21 Madrid Alcalá de Henares
48%
24 Madrid Recoletos
45%
13 Madrid Fuenlabrada
44%
18 Madrid Leganés
43%
23 Vizcaya Bilbao-Abando
42%
10 Valencia Valencia-Nord
41%
9 Madrid Parla
39%
7 Madrid Méndez Álvaro
38%
11 Barcelona Passeig de Gràcia
32%
22 Madrid Vallecas
32%
17 Madrid Embajadores
30%
26 Barcelona L'Hospitalet de Llobregat
30%
8 Madrid Villaverde Alto
30%
28 Madrid Asamblea-Entrevías
29%
12 Madrid Getafe Centro
23%
20 Madrid Villaverde Bajo
23%
29 Madrid Vicálvaro
22%
19 Madrid Aluche
21%
25 Barcelona Arc de Triomf
21%
30 Barcelona La Sagrera-Meridiana
16%
14 Madrid Cantoblanco Universidad
15%
6 Barcelona Plaça de Catalunya
15%
27 Barcelona El Clot Aragó
11%
No se encontraron pruebas coincidentes
Distribución de puntuación
Porcentaje de gente con cada puntuación
Porcentaje por número respondido
Historial de tus puntuaciones
No has intentado esta prueba.